[Event "Manaus op 2nd"]
[Site "Manaus"]
[Date "2023.10.16"]
[Round "8"]
[White "Do Carmo, Gabriel Carckeno"]
[Black "De Lima, Paulo Isaac Assis"]
[Result "1-0"]
[WhiteElo "1666"]
[BlackElo "1866"]
[PlyCount "49"]
[EventDate "2023.10.11"]
[EventType "swiss"]
[EventRounds "9"]
[EventCountry "BRA"]
[SourceTitle "Mega2024 Update 01"]
[Source "Chessbase"]
[SourceDate "2023.11.12"]
[SourceVersion "1"]
[SourceVersionDate "2023.11.12"]
[SourceQuality "1"]

1. c4 e5 2. Nc3 Nf6 3. Nf3 Nc6 4. e4 Bc5 5. Nxe5 Nxe5 6. d4 Bb4 7. dxe5 Bxc3+ 8. bxc3 Ng8 9. Qg4 Kf8 10. Qg3 c5 11. Be2 Ne7 12. 0-0 Ng6 13. Rd1 Qe7 14. Rd5 b6 15. Bg5 Qe8 16. Rad1 h6 17. Bh4 Nxh4 18. Qxh4 g5 19. Qg3 Qe7 20. Bg4 Kg7 21. Rxd7 Bxd7 22. Rxd7 Qe8 23. e6 Rf8 24. Qe5+ Kg8 25. Rxf7 1-0

[Event "Manaus op 2nd"]
[Site "Manaus"]
[Date "2023.10.14"]
[Round "5"]
[White "Da Paz, Leonardo Gadelha"]
[Black "Do Carmo, Gabriel Carckeno"]
[Result "1/2-1/2"]
[WhiteElo "1964"]
[BlackElo "1666"]
[PlyCount "76"]
[EventDate "2023.10.11"]
[EventType "swiss"]
[EventRounds "9"]
[EventCountry "BRA"]
[SourceTitle "Mega2024 Update 01"]
[Source "Chessbase"]
[SourceDate "2023.11.12"]
[SourceVersion "1"]
[SourceVersionDate "2023.11.12"]
[SourceQuality "1"]

1. e4 e6 2. d4 d5 3. Nd2 Nc6 4. Ngf3 Nf6 5. e5 Nd7 6. Nb3 a5 7. a4 Be7 8. c3 0-0 9. Bb5 f6 10. exf6 Bxf6 11. Qe2 e5 12. 0-0 e4 13. Ne1 Ne7 14. Bxd7 Bxd7 15. f3 exf3 16. Nxf3 Nc8 17. Ne5 Nd6 18. Nxd7 Qxd7 19. Nc5 Qf7 20. Bf4 Rae8 21. Be5 b6 22. Nd3 Ne4 23. Rae1 Qd7 24. Qc2 c5 25. Bxf6 Rxf6 26. Ne5 Qd6 27. Rxf6 Nxf6 28. Qf2 Rf8 29. Qe2 cxd4 30. cxd4 Qb4 31. Nc6 Qxa4 32. Qe6+ Kh8 33. b3 Qa2 34. Ne5 Qd2 35. Nf3 Qb4 36. Rc1 Re8 37. Rc8 Rxc8 38. Qxc8+ Ng8 1/2-1/2

[Event "Cacoal op"]
[Site "Cacoal"]
[Date "2022.12.17"]
[Round "2"]
[White "Do Carmo, Gabriel Carckeno"]
[Black "Araujo, Everson de Moura"]
[Result "1-0"]
[WhiteElo "1610"]
[BlackElo "1956"]
[PlyCount "189"]
[EventDate "2022.12.16"]
[EventType "swiss"]
[EventRounds "6"]
[EventCountry "BRA"]
[SourceTitle "CBM 211 Extra"]
[Source "ChessBase"]
[SourceDate "2023.01.31"]
[SourceVersion "1"]
[SourceVersionDate "2023.01.31"]
[SourceQuality "1"]

1. e4 c5 2. Nf3 Nc6 3. Bb5 g6 4. 0-0 Bg7 5. Re1 Nf6 6. c3 0-0 7. d4 cxd4 8. cxd4 d5 9. e5 Ng4 10. Bf4 Bh6 11. Qd2 Kg7 12. h3 Bxf4 13. Qxf4 Nh6 14. Bxc6 bxc6 15. Nc3 Bf5 16. g4 Bc8 17. Na4 e6 18. Rac1 Bd7 19. Nc5 Rb8 20. Re2 Ng8 21. h4 Rb6 22. h5 h6 23. g5 Bc8 24. Rc3 Qe7 25. Qf6+ Kh7 26. hxg6+ fxg6 27. Qxe7+ Nxe7 28. gxh6 Kxh6 29. Nh4 g5 30. Ng2 Nf5 31. Rd2 Kg6 32. Rh3 Rb4 33. Nb3 Ng7 34. Ne3 Nh5 35. Ng4 Rb7 36. Rc2 Rb6 37. Rcc3 Nf4 38. Rh6+ Kg7 39. Kf1 Ng6 40. Rh1 Ba6+ 41. Ke1 Rf4 42. Nf6 Rh4 43. Rg1 Bc4 44. Rxg5 Bxb3 45. axb3 Kf7 46. Rcg3 Rh1+ 47. Kd2 Rh6 48. Nd7 Rb4 49. Kc3 Rb7 50. Nc5 Re7 51. Rf3+ Ke8 52. Rf6 Rh3+ 53. f3 Nf8 54. Rg8 Rf7 55. Nxe6 Rxf6 56. exf6 Kf7 57. Ng5+ Kxg8 58. Nxh3 Kf7 59. Kb4 Ne6 60. Nf2 Nxd4 61. Kc5 Nxb3+ 62. Kxc6 Nd4+ 63. Kxd5 Nxf3 64. Ne4 Ne1 65. b4 Nd3 66. Kc4 Ne5+ 67. Kb5 Ke6 68. Ka6 Kd5 69. Ng5 Kd6 70. b5 Nd7 71. f7 Ke7 72. Kxa7 Kf6 73. b6 Kxg5 74. b7 Kf6 75. b8Q Kxf7 76. Qc7 Ke6 77. Kb7 Ne5 78. Kb6 Kd5 79. Kb5 Kd4 80. Qd6+ Ke4 81. Kc5 Nd3+ 82. Kc4 Ne5+ 83. Kc3 Nf3 84. Qc6+ Ke3 85. Qe6+ Kf4 86. Kd3 Ne5+ 87. Kd4 Nf3+ 88. Kd5 Ng5 89. Qf6+ Kg4 90. Ke5 Nf3+ 91. Ke4 Ng5+ 92. Ke3 Nh3 93. Qf3+ Kh4 94. Qg2 Ng5 95. Kf4 1-0

[Event "BRA-ch 87th"]
[Site "Cuiaba"]
[Date "2021.11.02"]
[Round "9"]
[White "Do Carmo, Gabriel Carckeno"]
[Black "Almeida, Tiago De"]
[Result "0-1"]
[WhiteElo "1398"]
[BlackElo "1943"]
[PlyCount "74"]
[EventDate "2021.10.28"]
[EventType "swiss"]
[EventRounds "11"]
[EventCountry "BRA"]
[SourceTitle "CBM 205 Extra"]
[Source "ChessBase"]
[SourceDate "2022.01.31"]
[SourceVersion "1"]
[SourceVersionDate "2022.01.31"]
[SourceQuality "1"]

1. c4 c5 2. Nc3 Nc6 3. Nf3 g6 4. g3 e5 5. Bg2 Bg7 6. 0-0 Nge7 7. d3 d6 8. Rb1 0-0 9. a3 a5 10. Ne1 Be6 11. Nc2 d5 12. cxd5 Nxd5 13. Ne3 Nde7 14. Nc4 Rb8 15. Be3 b5 16. Nd2 Nd4 17. Nce4 Qb6 18. b4 cxb4 19. axb4 a4 20. Nc5 Rfd8 21. Nxe6 Qxe6 22. Ne4 Nd5 23. Nc5 Qe7 24. Bd2 h6 25. h4 Kh7 26. Be4 f5 27. Bg2 f4 28. Be4 Nf6 29. Kg2 Nxe4 30. Nxe4 Nxe2 31. f3 Nxg3 32. Nxg3 fxg3 33. Be3 Qxh4 34. Rh1 Qf6 35. Rh3 Qf5 36. Rxg3 Rxd3 37. Qe1 Rxe3 0-1

[Event "BRA-ch 87th"]
[Site "Cuiaba"]
[Date "2021.10.29"]
[Round "2"]
[White "Aoyama, Edmundo"]
[Black "Do Carmo, Gabriel Carckeno"]
[Result "1-0"]
[WhiteElo "1824"]
[BlackElo "1398"]
[PlyCount "91"]
[EventDate "2021.10.28"]
[EventType "swiss"]
[EventRounds "11"]
[EventCountry "BRA"]
[SourceTitle "CBM 205 Extra"]
[Source "ChessBase"]
[SourceDate "2022.01.31"]
[SourceVersion "1"]
[SourceVersionDate "2022.01.31"]
[SourceQuality "1"]

1. Nf3 d5 2. b3 Bf5 3. Bb2 Nf6 4. d4 e6 5. e3 Bd6 6. Nbd2 Nbd7 7. c4 c6 8. Be2 0-0 9. 0-0 h6 10. Re1 Qe7 11. Nf1 e5 12. Ng3 Bg6 13. Nh4 Ba3 14. Nxg6 fxg6 15. Bxa3 Qxa3 16. dxe5 Nxe5 17. Qd4 Qe7 18. Rad1 c5 19. Qc3 dxc4 20. Bxc4+ Nxc4 21. Qxc4+ Kh7 22. h3 a6 23. Rd2 b5 24. Qc2 Rac8 25. Rc1 Rc7 26. Qd1 Rfc8 27. Rd6 Rc6 28. Rxc6 Rxc6 29. Qd3 Qe6 30. Ne2 Nd5 31. a3 Nb6 32. Nf4 Qf5 33. Qd2 c4 34. Ne2 Qc5 35. Nd4 Rd6 36. Qa5 Nd5 37. bxc4 Nf4 38. Qb4 Qxb4 39. axb4 Rxd4 40. exd4 Ne2+ 41. Kf1 Nxc1 42. c5 Nd3 43. c6 Nxb4 44. c7 a5 45. c8Q a4 46. Qc5 1-0